000 00894nam a2200289Ia 4500
003 OSt
005 20220912144913.0
006 a|||||r|||| 00| 0
007 ta
008 220909b |||||||| |||| 00| 0 eng d
020 _a9781606922330 (hbd)
024 _a84690
037 _b672, 25/08/2009, Ashutosh Technical Books
037 _cTextual
040 _aCSL
_beng
_cCSL
041 _aeng
082 _aB281, P9
100 _aGuiasu Silviu
245 0 _aProbabilistic models in operations research
260 _aNew York
_bNova Science Publishers
_c2009
300 _aii, 292p.
_ccm.
500 _aAppendix 281-285p.; References 286-288p.; Index 289-292p.
650 _a Probability models-operational research
650 _aStatistics
942 _hB281, P9
_cTEXL
_2CC
999 _c18750
_d18750